Statistics for Oceania Map Quiz

Click here to take the quiz!

General Stats

  • This quiz has been taken 289 times
  • The average score is 10 of 16

Answers on the Map

Answers color-coded by a green-red scale on the quiz's map according to % correct below.
 

Answer Stats

Answer% Correct
Australia
99%
New Zealand
89%
Papua New Guinea
82%
Fiji
61%
Micronesia
59%
Solomon Islands
59%
Kiribati
58%
Palau
55%
Marshall Islands
53%
Nauru
53%
French Polynesia
51%
New Caledonia (France)
51%
Samoa
48%
Vanuatu
48%
Tonga
46%
Tuvalu
43%

Score Distribution

Percentile by Number Answered

Percent of People with Each Score

Your Score History

You have not taken this quiz